Programming in JAVA / (Record no. 41267)

MARC details
000 -LEADER
fixed length control field 00559nam a22001937a 4500
005 - DATE AND TIME OF LATEST TRANSACTION
control field 20181119151606.0
010 ## - LCCN (DPL NO)
LC control number ENG-99917
020 ## - INTERNATIONAL STANDARD BOOK NUMBER
International Standard Book Number 9380060483
Terms of availability 95.00
035 ## - SYSTEM CONTROL NUMBER
System control number EN-83449
037 ## - SOURCE OF ACQUISITION
Source of stock number/acquisition DBAD/PUB
082 ## - DEWEY DECIMAL CLASSIFICATION NUMBER
Classification number 005.133
100 ## - MAIN ENTRY--PERSONAL NAME
Personal name N Hema
245 ## - TITLE STATEMENT
Title Programming in JAVA /
Statement of responsibility, etc by N Hema
260 ## - PUBLICATION, DISTRIBUTION, ETC. (IMPRINT)
Place of publication, distribution, etc Salem
Name of publisher, distributor, etc M S K Publications
Date of publication, distribution, etc 2009
270 ## - ADDRESS
Address 3/189 E Athanoor Amman Koil Street Masinaganpatti Ayyothiyapattanam
City Salem
Postal code 636103
300 ## - PHYSICAL DESCRIPTION
Extent 147p
Dimensions 19cm(pbk)
500 ## - GENERAL NOTE
General note includes index
942 ## - ADDED ENTRY ELEMENTS (KOHA)
Source of classification or shelving scheme Dewey Decimal Classification
Item type English Books
Classification part 005.133
Call number suffix NHE
Holdings
Withdrawn status Lost status Not for loan Collection code Home library Current library Date acquired Source of acquisition Cost, normal purchase price Full call number Barcode Copy number Cost, replacement price Koha item type
    Not For Loan Non-fiction D.B.Act.Division Bawana 12/08/2010 DBAD/PUB 95.00 005.133 NHE EN-83449 1 95.00 English Books

© Delhi Public Library
Hit Counter
free hit counter